000 00935nam a22002897a 4500
001 BR8701263
003 BR-BrBNA
005 20230928092412.0
007 ta
008 230509b bl.||||| |||| 00| 0 por d
040 _aBR-BrBNA
_bpor
_cBiblioteca Nacional de Agricultura
041 _a(Por)
072 _aH10
_b4020
_b/G514
090 _ 4020 BR8701263
100 1 _aBarragan, R.C.N. de
110 1 _aUniversidade Federal do Parana, Curitiba (Brasil)
_0Tese (Mestrado)
245 1 _aEstudo de alguns aphidinae de Curitiba, Parana, Brasil (Homoptera: Aphididae)
260 3 _aCuritiba, PR (Brasil):
_c1985.
300 _a154 p.
500 _aSummaries (Eng, Por); Bibliography p. 147-154. (*) Documento disponível na(o) UFPR, Curitiba, PR (Brazil). Biblioteca Central
650 _aPULGAO
650 _aPRAGA DE PLANTA
650 _aAFIDIO
650 _aPARANA
909 _a202309
_bLucia
_c55
_dLucia Elande
942 _cBK
999 _c38850
_d38850